| 000 | 00507nam a2200181Ia 4500 | ||
|---|---|---|---|
| 005 | 20230406113655.0 | ||
| 008 | 131103s9999 xx 000 0 und d | ||
| 040 | _aLoreto College | ||
| 041 | _aEnglish | ||
| 082 |
_a823.08 _bFRA |
||
| 245 |
_aShort fiction _b a critical collection _cedited by James R.Frakes [and] Isadore Traschen |
||
| 250 | _a2nd ed. | ||
| 260 |
_aEnglewood Cliffs _bPrentice - Hall _c1969 |
||
| 300 | _aix,447 p. | ||
| 700 | _aFrakes,James R.,ed. | ||
| 850 | _aLCLIB | ||
| 942 | _cBK | ||
| 999 |
_c4573 _d55052 |
||